| 000 | 00725nam a2200241 i 4500 | ||
|---|---|---|---|
| 001 | 66438 | ||
| 003 | ES-MaACL | ||
| 005 | 20230906165637.0 | ||
| 007 | t| | ||
| 008 | 040217s2002 sp ||||1| spa d | ||
| 020 | _a84-670-0205-0 | ||
| 080 | _a327.5(569.4)"1993/..." | ||
| 100 | 1 |
_aMedina, Francisco. _979696 |
|
| 245 | 1 | 3 |
_aEl infierno en Tierra Santa _b: crónica de una paz imposible / _cFrancisco Medina. |
| 260 |
_aMadrid : _bEspasa Calpe, _c[2002] |
||
| 300 |
_a307 p., [16] h. de lám. : _bmapas ; _c23 cm. |
||
| 490 | 1 | _aEspasa hoy | |
| 500 | _3Indice | ||
| 650 | 1 | 4 |
_aConflicto árabe-israelí. _911266 |
| 830 | 0 |
_aEspasa hoy _9179010 |
|
| 852 |
_aES-MaACL _jL-26906 _bR.132564 |
||
| 999 |
_c66438 _d66438 |
||